Význam prechodu z IPv4 na nový protokol IPv6 diplomová práca

Salvato in:
Dettagli Bibliografici
Autore principale: Maškara, Juraj
Ente Autore: Fakulta hospodárskej informatiky EU. Katedra aplikovanej informatiky
Altri autori: Cárachová, Magdaléna
Natura: Libro
Lingua:slovacco
Pubblicazione: Bratislava 2011
Tags: Aggiungi Tag
Nessun Tag, puoi essere il primo ad aggiungerne!!

MARC

LEADER 00000nbm a2200000 4500
001 0140643
005 20161109101940.2
041 0 |a slo 
044 |a SK 
245 1 0 |a Význam prechodu z IPv4 na nový protokol IPv6  |b diplomová práca  |c Juraj Maškara ; školiteľ: Magdaléna Cárachová 
264 1 |a Bratislava  |c 2011 
300 |a 66 s. 
100 1 |a Maškara, Juraj 
700 1 |a Cárachová, Magdaléna 
710 2 |a Fakulta hospodárskej informatiky EU. Katedra aplikovanej informatiky